000 00250nam a2200085Ia 4500
008 120527s9999 xx 000 0 und d
100 _aVUYI,STEKE, D.R
245 _aShoot-tip culture for the propagation,conservation & distribution of Musa
942 _cBK
999 _c25232
_d25232